Loading...
| Current Events | 1 | 10.00 | 100% | 0% | 0% |
| Fine Arts - Classical Music | 4 | 2.50 | 25% | 0% | 0% |
| Fine Arts - Other | 4 | 12.50 | 75% | 25% | 25% |
| Fine Arts - Painting and Sculpture | 6 | 10.00 | 83% | 17% | 0% |
| History - American | 4 | 15.00 | 100% | 25% | 25% |
| History - European | 4 | 15.00 | 100% | 25% | 25% |
| History - Other | 4 | 17.50 | 100% | 75% | 0% |
| History - World | 4 | 10.00 | 75% | 25% | 0% |
| Literature - American | 7 | 14.29 | 100% | 29% | 14% |
| Literature - British | 1 | 10.00 | 100% | 0% | 0% |
| Literature - European | 3 | 3.33 | 33% | 0% | 0% |
| Literature - World | 6 | 3.33 | 33% | 0% | 0% |
| Mythology | 3 | 16.67 | 100% | 33% | 33% |
| Other Academic | 2 | 10.00 | 50% | 0% | 50% |
| Philosophy | 3 | 3.33 | 33% | 0% | 0% |
| Pop Culture | 1 | 30.00 | 100% | 100% | 100% |
| Religion | 6 | 11.67 | 100% | 17% | 0% |
| Science - Biology | 3 | 13.33 | 100% | 33% | 0% |
| Science - Chemistry | 4 | 12.50 | 100% | 25% | 0% |
| Science - Other | 2 | 15.00 | 100% | 50% | 0% |
| Science - Physics | 6 | 15.00 | 100% | 50% | 0% |
| Social Science | 4 | 10.00 | 100% | 0% | 0% |